00937nam a22002177i 4500003000900000005001700009007000300026008004100029020001800070040003000088082002000118100004300138245011300181264006100294300005600355336002700411337003300438338003100471504003900502505017800541DO-SdBNP20250131133559.0ta240403b2006 |||||||| |||| 00| 0 eng d a9780742550476 aDO-SdBNPbspacBNPHUerda 4axxxxbG751g2221 aCrandall, Russell,d1971-eautor4aut.10aGunboat democracy : bU.S. interventions in the Dominican Republic, Grenada, and Panama /cRussell Crandall. 1aLanham [Md.] :bRowman & Littlefield Publishers, c2006. a x, 255 páginas :bilustraciones, mapas ;c23 cm. atextobtxt2rdacontent asin mediaciónbn2rdamedia avolumen bnc2rdacarrier  aBibliografía : páginas 233-2450 aThe evolution of U.S. interventions and occupations in Latin America --tThe Dominican intervention, 1965 --tThe invasion of Grenada, 1983 --tThe invasion of Panama, 1989.